[Event "25th Open"]
[Site "Oberwart AUT"]
[Date "2003.07.06"]
[Round "2"]
[White "Weinzettl,E"]
[Black "Pavlovic,Mi1"]
[Result "0-1"]
[WhiteElo "2354"]
[BlackElo "2569"]

1.d4 Nf6 2.Nf3 d5 3.c4 e6 4.Nc3 c6 5.e3 Nbd7 6.Bd3 dxc4 7.Bxc4 b5 8.Bd3 Bb7
9.a3 b4 10.axb4 Bxb4 11.O-O c5 12.dxc5 O-O 13.Na2 Bxc5 14.b4 Bd6 15.Bb2 Bd5
16.e4 Bb7 17.Re1 Qb8 18.Rc1 Rd8 19.Qe2 Ne5 20.Nxe5 Bxe5 21.Bxe5 Qxe5 22.Rc5 Qd4
23.Bb1 Bxe4 24.Bxe4 Qxe4 25.Qxe4 Nxe4 26.Rc7 Rd2 27.f3 Nd6 28.Nc3 h6 29.Rd1 Rxd1+
30.Nxd1 Rc8 31.Rd7 Nf5 32.Kf1 a6 33.Rd2 Rc1 34.Ke2 Ne7 35.Ra2 Nd5 36.Rxa6 Rc2+
37.Kf1 Nxb4 38.Ra8+ Kh7 39.Nf2 Nd5 40.Ra3 Rc1+ 41.Ke2 Nf4+ 42.Kd2 Rf1  0-1

[Event "ch-BEL"]
[Site "Eupen BEL"]
[Date "2003.07.07"]
[Round "3"]
[White "Van der Stricht,G"]
[Black "Cekro,E"]
[Result "1-0"]
[WhiteElo "2450"]
[BlackElo "2441"]

1.d4 Nf6 2.c4 e6 3.Nf3 d5 4.Nc3 c6 5.e3 Nbd7 6.Bd3 dxc4 7.Bxc4 b5 8.Bd3 a6
9.e4 c5 10.e5 cxd4 11.Nxb5 axb5 12.exf6 gxf6 13.O-O Qb6 14.Qe2 Ba6 15.Rd1 Nc5
16.Nxd4 Nxd3 17.Qxd3 Rd8 18.Be3 Bc5 19.b4 Bxb4 20.Nc6 Rxd3 21.Bxb6 Bd2 22.Nb4 Bxb4
23.Rxd3 O-O 24.a4 bxa4 25.Rg3+ Kh8 26.Rxa4 Rc8 27.h4 Bd6 28.Rxa6 Bxg3 29.fxg3 Kg7
30.Ra4 h6 31.Kh2 Kg6 32.Rg4+ Kh7 33.Rf4 Kg6 34.h5+ Kg7 35.Bd4 e5 36.Rg4+ Kh7
37.Bb6 Kh8 38.Ra4 Kg7 39.Rg4+ Kh7 40.Ra4 Kg7 41.g4 Rc6 42.Be3 Rc3 43.Bf2 Rc2
44.Bh4 Rc6 45.Rb4 Ra6 46.Bf2 Ra2 47.Bg1 Rc2 48.Rb3 Kh7 49.Kg3 Kg7 50.Be3 Rc4
51.Kf3 Ra4 52.Rb6 Rc4 53.Ra6 Rc2 54.Rd6 Rc3 55.Ke4 Ra3 56.Rd3 Ra2 57.Bd2 Ra1
58.Rf3 Ra2 59.Rf2 Ra3 60.Kf5 Ra4 61.Be3 Ra5 62.Bb6 Ra6 63.Bd8 Rd6 64.Be7 Re6
65.Bc5 Ra6 66.Rc2 Ra1 67.Rc3 Ra4 68.Be3 Ra1 69.Bf2 Ra4 70.Bg3 Ra6 71.Bh4 Rb6
72.Rf3 Rd6 73.Ke4 Rd4+ 74.Ke3 Rd6 75.Rf2 Ra6 76.Kd3 Rc6 77.Rf1 Rd6+ 78.Kc4 Rb6
79.Kc5 Ra6 80.Kb5 Rd6 81.Rf2 Re6 82.Rd2 Kf8 83.Kc5 Ke7 84.Ra2 Kf8 85.Ra8+ Kg7
86.Rd8  1-0

[Event "FSGM July"]
[Site "Budapest HUN"]
[Date "2003.07.08"]
[Round "4"]
[White "Gerzhoy,L"]
[Black "Gunnarsson,Arn"]
[Result "1/2-1/2"]
[WhiteElo "2410"]
[BlackElo "2348"]

1.d4 d5 2.c4 c6 3.Nc3 Nf6 4.e3 e6 5.Nf3 Nbd7 6.Bd3 a6 7.e4 dxe4 8.Nxe4 c5
9.Nxf6+ Nxf6 10.dxc5 Bxc5 11.O-O O-O 12.Qe2 h6 13.b3 b6 14.Bb2 Bb7 15.Rad1 Qe7
16.Ne5 Rad8 17.Bc3 a5 18.Bd2 Nd7 19.Bc3 Nxe5 20.Bxe5 Qg5 21.Bg3 Rd4 22.Kh1 h5
23.Qe5 Qxe5 24.Bxe5 Rdd8 25.f3  1/2-1/2

[Event "FSGM July"]
[Site "Budapest HUN"]
[Date "2003.07.08"]
[Round "4"]
[White "Thorfinnsson,Br"]
[Black "Jakab,A"]
[Result "1/2-1/2"]
[WhiteElo "2373"]
[BlackElo "2442"]

1.d4 d5 2.Nf3 Nf6 3.c4 c6 4.Nc3 e6 5.e3 Nbd7 6.Qc2 Bd6 7.g4 Nxg4 8.Rg1 h5
9.h3 Nh6 10.e4 dxe4 11.Nxe4 Bb4+ 12.Bd2 Bxd2+ 13.Qxd2 Nf6 14.Bd3 Nf5 15.Qf4 Nxe4
16.Bxe4 Qd6 17.Qd2 g6 18.O-O-O Nh6 19.Ne5 Bd7 20.c5 Qe7 21.Rg3 Nf5 22.Bxf5 gxf5
23.Rg7 Rf8 24.Rdg1 Qh4 25.Nxf7 Rxf7 26.Rg8+ Rf8 27.Rxf8+ Kxf8 28.Qh6+ Ke7
29.Qg7+ Kd8 30.Qf8+ Be8 31.Qd6+ Kc8 32.Qxe6+ Kd8 33.Qd6+ Kc8 34.Qe6+ Kd8  1/2-1/2

[Event "25th Open"]
[Site "Oberwart AUT"]
[Date "2003.07.08"]
[Round "4"]
[White "Burmakin,V"]
[Black "Lakos,N"]
[Result "1-0"]
[WhiteElo "2575"]
[BlackElo "2372"]

1.d4 d5 2.c4 e6 3.Nf3 Nf6 4.Nc3 c6 5.e3 Nbd7 6.Qc2 Bd6 7.Be2 O-O 8.O-O dxc4
9.Bxc4 b5 10.Be2 Bb7 11.Rd1 Qb8 12.h3 Rc8 13.e4 b4 14.e5 bxc3 15.exd6 Qxd6
16.bxc3 c5 17.Ba3 Qc7 18.c4 Rab8 19.Qc3 Ne4 20.Qe3 Qa5 21.Rac1 h6 22.dxc5 Nexc5
23.Nd4 a6 24.Qc3 Qxc3 25.Rxc3 Bc6 26.Re3 Rb6 27.Nb3 Nxb3 28.axb3 a5 29.Rd6 Rbb8
30.h4 Nf6 31.h5 Be4 32.Rd2 Ba8 33.Ra2 Ne4 34.Bb2 Rc5 35.Bd4 Rg5 36.f4 Rxg2+
37.Kxg2 Nc3+ 38.Kf2 Nxa2 39.Rg3 Nc1 40.Bxg7 Rxb3 41.Bc3+ Kf8 42.Bd1 Rb8 43.Bxa5 Be4
44.Ke3 Bf5 45.Kd2 Na2 46.Rb3 Rxb3 47.Bxb3 Bb1 48.Bc2 Bxc2 49.Kxc2  1-0

[Event "1st Stage Russian Cup"]
[Site "Tomsk RUS"]
[Date "2003.07.08"]
[Round "5"]
[White "Trufanov,Alexande"]
[Black "Chubakov,A"]
[Result "1/2-1/2"]
[WhiteElo "2180"]
[BlackElo "2362"]

1.d4 d5 2.Nf3 e6 3.c4 c6 4.e3 Nf6 5.Nc3 Nbd7 6.Qc2 Bd6 7.Bd3 O-O 8.O-O dxc4
9.Bxc4 Qe7 10.h3 b5 11.Bd3 Bb7 12.e4 e5 13.dxe5 Nxe5 14.Nxe5 Bxe5 15.Be3 Rfe8
16.Ne2 Rad8 17.Rad1 Bc7 18.Ng3 Bxg3 19.fxg3 Nd7 20.Bxa7 Ne5 21.Be2 g6 22.Bc5 Qg5
23.Kh2 h5 24.Qc3 Nd7 25.Be3 Qe7 26.Bh6 f6 27.Bf4 Ne5 28.Rxd8 Rxd8 29.Rd1 Rxd1
30.Bxd1 b4 31.Bb3+ Kg7 32.Qd2 c5 33.Bd5 Ba6 34.b3 g5 35.Be3 c4 36.bxc4 Nxc4
37.Qd4 Nxe3 38.Qxe3 Qc7 39.Kg1 Bc4 40.h4 gxh4 41.gxh4 Bxd5 42.exd5 Qc4  1/2-1/2

[Event "18th North Sea Cup"]
[Site "Esbjerg DEN"]
[Date "2003.07.09"]
[Round "6"]
[White "Schandorff,L"]
[Black "Sasikiran,K"]
[Result "0-1"]
[WhiteElo "2525"]
[BlackElo "2654"]

1.d4 d5 2.c4 c6 3.Nf3 Nf6 4.Nc3 e6 5.e3 Nbd7 6.Bd3 dxc4 7.Bxc4 b5 8.Bd3 a6
9.e4 c5 10.d5 Qc7 11.O-O c4 12.Bc2 Bc5 13.b3 Nb6 14.bxc4 Nxc4 15.Bd3 O-O
16.a4 b4 17.Bxc4 bxc3 18.Qd3 exd5 19.exd5 Re8 20.Ba3 Bf5 21.Qxf5 Bxa3 22.Bb3 Rab8
23.Bc2 Bc5 24.Rfe1 Qd6 25.Rxe8+ Rxe8 26.Re1 Rxe1+ 27.Nxe1 g6 28.Qf3 Bd4 29.g3 Kg7
30.Nd3 a5 31.Kg2 h5 32.h3 Qb6 33.Nf4 Be5 34.Nd3 Bd6 35.Qe3 Qxe3 36.fxe3 Nxd5
37.Kf3 f5 38.e4 Ne7 39.Nc1 Nc6 40.Ne2 Nb4 41.Bb3 fxe4+ 42.Kxe4 c2 43.Ke3 Be7
44.h4 g5 45.Kd2 gxh4 46.gxh4 Bxh4 47.Bxc2 Bg5+ 48.Kd1 Nxc2 49.Kxc2 h4 50.Ng1 Kf6
51.Kd3 Kf5 52.Ke2 Kg4 53.Nf3 Bf4 54.Nd4 h3 55.Kf1 Be3 56.Nc6 Kg3  0-1

[Event "Masters"]
[Site "Saint Lo FRA"]
[Date "2003.07.09"]
[Round "1"]
[White "Tihonov,J"]
[Black "Coursaget,N"]
[Result "1-0"]
[WhiteElo "2382"]
[BlackElo "2226"]

1.d4 d5 2.c4 c6 3.Nf3 Nf6 4.Nc3 e6 5.e3 Nbd7 6.Qc2 Bd6 7.g4 Nxg4 8.Rg1 h5
9.h3 Nh6 10.Bd2 Qf6 11.Be2 Qf5 12.e4 dxe4 13.Nxe4 Bf4 14.Rxg7 Bxd2+ 15.Nfxd2 Qf4
16.Qc3 Nf5 17.Rg5 Nh4 18.O-O-O f5 19.d5 e5 20.dxc6 bxc6 21.Bxh5+ Ke7 22.Rg7+ Ke6
23.c5 Nf6 24.Ng5+ Kd5 25.Bf7+  1-0

[Event "18th North Sea Cup"]
[Site "Esbjerg DEN"]
[Date "2003.07.10"]
[Round "7"]
[White "Krasenkow,M"]
[Black "Bruzon,L"]
[Result "1/2-1/2"]
[WhiteElo "2585"]
[BlackElo "2614"]

1.Nf3 d5 2.d4 Nf6 3.c4 c6 4.Nc3 e6 5.e3 Nbd7 6.Bd3 dxc4 7.Bxc4 b5 8.Bd3 b4
9.Ne4 Nxe4 10.Bxe4 Bb7 11.O-O Bd6 12.Qc2 Rc8 13.Rd1 Qc7 14.b3 Nf6 15.Bb2 O-O
16.Rac1 Qe7 17.Nd2 c5 18.Bxb7 Qxb7 19.Nc4 Be7 20.dxc5 Rxc5 21.Bxf6 Bxf6 22.e4 h6
23.Qe2 Rd8 24.Rxd8+ Bxd8 25.Rd1 Be7 26.h3 Rc8 27.Rd3  1/2-1/2

[Event "Open A"]
[Site "Poznan POL"]
[Date "2003.07.10"]
[Round "5"]
[White "Wojcieszyn,Z"]
[Black "Bogocki,C"]
[Result "0-1"]
[WhiteElo "2173"]
[BlackElo "2018"]

1.Nf3 Nf6 2.c4 c6 3.d4 d5 4.e3 e6 5.Nc3 Nbd7 6.cxd5 exd5 7.Bd3 Bd6 8.O-O O-O
9.Qc2 Re8 10.Re1 Nf8 11.h3 h6 12.e4 dxe4 13.Nxe4 Nxe4 14.Bxe4 Be6 15.a3 a5
16.Be3 a4 17.Qd3 Qa5 18.Nh4 Rad8 19.Nf5 Bxf5 20.Bxf5 Ne6 21.Bd2 Qd5 22.Bc3 Nf4
23.Qf3 Qxf5 24.Re3 Qd5 25.Rae1 Rxe3  0-1

[Event "1st Stage Russian Cup"]
[Site "Tomsk RUS"]
[Date "2003.07.10"]
[Round "7"]
[White "Degterev,A"]
[Black "Kravtsov,S"]
[Result "1/2-1/2"]
[WhiteElo "2331"]
[BlackElo "2390"]

1.d4 d5 2.c4 c6 3.Nf3 Nf6 4.Nc3 e6 5.e3 Nbd7 6.Qc2 Bd6 7.Bd3 dxc4 8.Bxc4 O-O
9.O-O b5 10.Be2 Bb7 11.Rd1 Qe7 12.e4 e5 13.dxe5 Nxe5 14.Nd4 Rad8 15.Nf5 Qe6
16.Nxd6 Rxd6 17.f3 Rxd1+ 18.Qxd1 Qe7 19.Be3 Rd8 20.Qc2 a6 21.Rd1 Rxd1+ 22.Nxd1 Ned7
23.Bf2 Ne8 24.Ne3 g6 25.Qc3 Nc7 26.Bf1 Ne6 27.b3 h5 28.Nc2 Qd6 29.Nd4 Qe5
30.Qd2 Qd6  1/2-1/2

[Event "1st Stage Russian Cup"]
[Site "Tomsk RUS"]
[Date "2003.07.10"]
[Round "7"]
[White "Nigametzianov,M"]
[Black "Guempel,V"]
[Result "1-0"]
[WhiteElo "2269"]
[BlackElo "2343"]

1.d4 d5 2.c4 c6 3.Nf3 Nf6 4.Nc3 e6 5.e3 Nbd7 6.Bd3 dxc4 7.Bxc4 b5 8.Bd3 a6
9.e4 c5 10.e5 cxd4 11.Nxb5 Ng4 12.Qa4 Bb7 13.Nbxd4 Qb6 14.O-O Bc5 15.h3 Bxf3
16.hxg4 Bb7 17.Nb3 O-O 18.Be4 Rab8 19.Bf4 f5 20.exf6 Nxf6 21.Nxc5 Nxe4 22.Nd7 Qxb2
23.Rab1 Qe2 24.Nxf8 Nc3 25.Qd7 Rxf8 26.Rxb7 Qxg4 27.Qxg7+ Qxg7 28.Rxg7+ Kh8
29.Be5 Ne2+ 30.Kh2 Rf5 31.Rg5+  1-0

[Event "Pre-Amazon Open"]
[Site "Imperatriz BRA"]
[Date "2003.07.11"]
[Round "8"]
[White "Carvalho,G"]
[Black "Lucena,L"]
[Result "1/2-1/2"]
[WhiteElo "2172"]
[BlackElo "2193"]

1.d4 Nf6 2.c4 e6 3.Nc3 d5 4.Nf3 c6 5.e3 Nbd7 6.Bd3 dxc4 7.Bxc4 b5 8.Bd3 Bb7
9.a3 a6 10.b4 a5 11.Rb1 axb4 12.axb4 Bd6 13.e4 Qe7 14.Qb3 e5 15.O-O O-O 16.dxe5 Nxe5
17.Nxe5 Bxe5 18.Ne2 Bc8 19.Bf4 Bxf4 20.Nxf4 Qe5 21.Nh3 Rd8 22.f4 Qd4+ 23.Nf2 Ng4
24.Be2 Nxf2 25.Rxf2 Qxe4 26.Bf3 Qd4 27.Qb2 g6 28.Qxd4 Rxd4 29.g3 Ra4 30.Rfb2 Kg7
31.Kf2 Rc4 32.Be2 Rc3 33.Rb3 Rxb3 34.Rxb3  1/2-1/2

[Event "32nd TCh-GRE"]
[Site "Kallithea Chalkidiki GRE"]
[Date "2003.07.11"]
[Round "9"]
[White "Kalesis,N"]
[Black "Vouros,N"]
[Result "1-0"]
[WhiteElo "2421"]
[BlackElo "2113"]

1.d4 Nf6 2.Nf3 d5 3.c4 e6 4.Nc3 c6 5.e3 Nbd7 6.Bd3 dxc4 7.Bxc4 b5 8.Bd3 a6
9.e4 c5 10.d5 exd5 11.e5 Ng4 12.Bg5 Qa5 13.O-O Bb7 14.Bf5 Nh6 15.Bxd7+ Kxd7
16.Nxd5 Kc8 17.b4 cxb4 18.Rc1+ Kb8 19.Nc7 Nf5 20.Nxa8 Kxa8 21.Qd7 f6 22.exf6 h6
23.Bf4 g5 24.Qe8+  1-0

[Event "25th Open"]
[Site "Oberwart AUT"]
[Date "2003.07.11"]
[Round "7"]
[White "Schroll,G"]
[Black "Fusi,C"]
[Result "1-0"]
[WhiteElo "2414"]
[BlackElo "2260"]

1.d4 d5 2.c4 c6 3.Nf3 e6 4.e3 Nf6 5.Nc3 Nbd7 6.Qc2 Bd6 7.b3 O-O 8.Be2 dxc4
9.bxc4 e5 10.O-O Qe7 11.a4 e4 12.Nd2 Re8 13.Qb3 Nf8 14.Ba3 Ng6 15.Bxd6 Qxd6
16.c5 Qe7 17.Rfb1 Rb8 18.a5 Ng4 19.Ncxe4 Qh4 20.Nf3 Qh6 21.Nd6 Be6 22.Qd3 Re7
23.Rb2 Qh5 24.Rab1 f5 25.h3 Nf6 26.Ne5 Qg5 27.Nxc6 Bd5 28.Nxe7+ Nxe7 29.f3 f4
30.e4 Be6 31.Rxb7 Rxb7 32.Rxb7 Bxh3 33.Rb8+ Nc8 34.Qb3+  1-0

[Event "Open"]
[Site "Montpellier FRA"]
[Date "2003.07.12"]
[Round "6"]
[White "Gozzoli,Y"]
[Black "Nezar,M"]
[Result "1/2-1/2"]
[WhiteElo "2445"]
[BlackElo "2379"]

1.d4 d5 2.Nf3 Nf6 3.c4 c6 4.Nc3 e6 5.e3 Nbd7 6.Qc2 Bd6 7.g4 h6 8.Bd2 Qe7
9.h3 b6 10.Nxd5 exd5 11.Bd3 Bb7 12.O-O-O O-O-O 13.Rhe1 Kb8 14.Kb1 c5 15.dxc5 Nxc5  1/2-1/2

[Event "25th Open"]
[Site "Oberwart AUT"]
[Date "2003.07.12"]
[Round "8"]
[White "Timoscenko,G"]
[Black "Schoeppl,E"]
[Result "1-0"]
[WhiteElo "2530"]
[BlackElo "2248"]

1.d4 Nf6 2.c4 e6 3.Nc3 d5 4.Nf3 c6 5.e3 Nbd7 6.Qc2 Bd6 7.Bd3 O-O 8.O-O dxc4
9.Bxc4 b5 10.Be2 Bb7 11.Rd1 Qc7 12.Bd2 Rfe8 13.Rac1 a6 14.b4 e5 15.h3 e4
16.Ng5 Bxb4 17.Qb3 Nf8 18.Qxb4 h6 19.Ncxe4 Nxe4 20.Nxe4 Rxe4 21.Bf3 Re6 22.d5 Rd6
23.Qc5 Nd7 24.Ba5 Qb8 25.Qxd6 Qxd6 26.dxc6 Qa3 27.cxb7 Rf8 28.Rc8  1-0

[Event "103rd ch-SUI"]
[Site "Silvaplana SUI"]
[Date "2003.07.12"]
[Round "3"]
[White "Nemet,I"]
[Black "Domont,A"]
[Result "1-0"]
[WhiteElo "2425"]
[BlackElo "2362"]

1.Nf3 d5 2.d4 c6 3.c4 Nf6 4.e3 e6 5.Nc3 Nbd7 6.Qc2 Bd6 7.Bd3 O-O 8.O-O dxc4
9.Bxc4 a6 10.a4 Qc7 11.e4 e5 12.dxe5 Nxe5 13.Nxe5 Bxe5 14.f4 Bd4+ 15.Kh1 Be6
16.Bd3 c5 17.Ne2 Rac8 18.e5 Ng4 19.h3 Qe7 20.Ra3 Qh4 21.Bf5 Rc6 22.Rg3 Nh6
23.Be4 Rb6 24.f5 Rb3 25.Bg5 Qh5 26.Bxh6 Rxg3 27.Nxg3 Qxh6 28.fxe6 Qxe6 29.Bxb7 Qxe5
30.Ne2 Rb8 31.Rf5 Qe7  1-0

[Event "ch-SWE"]
[Site "Umea SWE"]
[Date "2003.07.12"]
[Round "13"]
[White "Hillarp Persson,T"]
[Black "Hector,J"]
[Result "1-0"]
[WhiteElo "2474"]
[BlackElo "2553"]

1.d4 d5 2.c4 c6 3.Nc3 Nf6 4.e3 e6 5.Nf3 Nbd7 6.Qc2 Bd6 7.g4 h6 8.Bd2 Qe7
9.h3 O-O 10.cxd5 cxd5 11.Rg1 Rb8 12.h4 Ne4 13.g5 h5 14.Nxe4 dxe4 15.Qxe4 b5
16.Ne5 Bb7 17.Nc6 Bxc6 18.Qxc6 Rfc8 19.Qe4 Bb4 20.Bd3 Bxd2+ 21.Kxd2 Qb4+
22.Ke2 Qxb2+ 23.Kf3 Nf8 24.Rab1 Qd2 25.Rbd1 Qc3 26.g6 fxg6 27.Rxg6 Rc7 28.Rg5 b4
29.Kg3 b3 30.axb3 Rxb3 31.Rxh5 Rb2 32.Qf4 Rc8 33.Be4 Re8 34.Rg1 Qc8 35.Rc5 Qd8
36.Rc7 Re7 37.Rgc1 e5 38.Qg5 Rd7 39.Rxd7 Qxd7 40.Qxe5 Rb5 41.Rc5  1-0

[Event "FSGM July"]
[Site "Budapest HUN"]
[Date "2003.07.13"]
[Round "9"]
[White "Gerzhoy,L"]
[Black "Thorfinnsson,Br"]
[Result "1-0"]
[WhiteElo "2410"]
[BlackElo "2373"]

1.d4 d5 2.c4 c6 3.Nc3 Nf6 4.e3 e6 5.Nf3 Nbd7 6.Bd3 dxc4 7.Bxc4 b5 8.Bd3 a6
9.e4 b4 10.Na4 c5 11.e5 Nd5 12.Nxc5 Nxc5 13.dxc5 Bxc5 14.O-O h6 15.Qe2 Bb7
16.Bd2 Qb6 17.Rac1 Rd8 18.Rc4 a5 19.Rfc1 Be7 20.Rg4 g5 21.h4 h5 22.Rxg5 Bxg5
23.Bxg5 Rc8 24.Rxc8+ Bxc8 25.Nd2 Qc7 26.Ne4 Kf8 27.Ng3 Bb7 28.Nxh5 Rg8 29.Qg4 Qc1+
30.Kh2 a4 31.Nf6 Rxg5 32.Qxg5 Qxg5 33.hxg5 Nf4 34.Bf1 a3 35.bxa3 bxa3 36.g3 Nd5
37.Bc4 Nc3 38.Kg1 Bf3 39.Kf1 Kg7 40.Ke1 Nb1 41.Bd3 Nc3 42.Bc4 Nb1 43.Ne8+ Kf8
44.Nd6 Nc3 45.Kd2 Nd5 46.Bxd5 Bxd5 47.Nb5 Bxa2 48.Nxa3 Kg7 49.Ke3 Kg6 50.f4 Bb3
51.Nb5 Bd1 52.Nd6 Bg4 53.Ne4 Bd1 54.Nf2 Bc2 55.Kd4 Bb1 56.Kc5 Bf5 57.Kd6 Kh5
58.Ke7 Bg6 59.Kf6  1-0

[Event "25th Open"]
[Site "Oberwart AUT"]
[Date "2003.07.13"]
[Round "9"]
[White "Danner,G"]
[Black "Timoscenko,G"]
[Result "1/2-1/2"]
[WhiteElo "2359"]
[BlackElo "2530"]

1.d4 d5 2.Nf3 Nf6 3.c4 e6 4.Nc3 c6 5.e3 Nbd7 6.b3 Bd6 7.Bb2 O-O 8.Bd3 Re8
9.O-O e5 10.dxe5 Nxe5 11.Nxe5 Bxe5 12.g3 Qa5 13.Qc2 Bh3 14.Rfe1 d4 15.Ne4 Nxe4
16.Bxe4 dxe3 17.Rxe3 Bxb2 18.Qxb2 Rad8 19.b4 Qh5 20.Qc2 f5 21.Bf3 Bg4 22.Bxg4 Qxg4
23.Rae1 Rxe3 24.Rxe3 h6 25.Kg2 f4 26.Qe2 Qxe2 27.Rxe2 Kf7 28.Kf3 fxg3 29.hxg3 Rd4
30.Rc2 h5 31.Ke3 Rg4 32.Kd3 g5 33.Ke3 Ke6 34.a3 h4 35.gxh4 Rxh4 36.f3 Kf5
37.c5 a5 38.Rb2 a4 39.Rd2 Rc4 40.Rd7 Rc3+ 41.Kd4 Rxf3 42.Rf7+ Kg4 43.Rxb7 Rxa3
44.Rc7 Ra1 45.Rxc6 a3 46.Kc3 Kf5 47.Rc8 Ke6 48.c6 a2 49.Kb2 Rb1+ 50.Kxa2 Rxb4
51.Rg8 Kd6 52.Rxg5 Kxc6  1/2-1/2

[Event "Open A"]
[Site "Poznan POL"]
[Date "2003.07.13"]
[Round "9"]
[White "Bogocki,C"]
[Black "Andrejczuk,M"]
[Result "0-1"]
[WhiteElo "2018"]
[BlackElo "2046"]

1.d4 d5 2.c4 e6 3.Nc3 Nf6 4.Nf3 c6 5.e3 Bd6 6.Qc2 O-O 7.Bd3 Nbd7 8.e4 dxe4
9.Nxe4 Nxe4 10.Bxe4 Nf6 11.Bd3 c5 12.dxc5 Bxc5 13.O-O Qe7 14.Bg5 h6 15.Bh4 Bd7
16.Ne5 Rfd8 17.Rad1 Be8 18.Ng4 Bd4 19.Be4 h5 20.Nxf6+ Bxf6 21.Bxf6 Qxf6 22.b3 Qe7
23.Rxd8 Rxd8 24.Rd1 b6 25.Rxd8 Qxd8 26.h3 Qd4 27.b4 Qa1+ 28.Kh2 Qe5+ 29.Kg1 f5
30.Bf3 Qe1+ 31.Kh2 Qxb4 32.Qe2 Qd6+ 33.g3 h4 34.Kg2 hxg3 35.fxg3 Bc6 36.Bxc6 Qxc6+
37.Kg1 Qd6 38.Kg2 e5 39.h4 Qe6 40.Qd3 e4 41.Qe2 e3 42.Kf1 Qe4 43.Kg1 Kf8
44.Qg2 Qd4 45.Qa8+ Kf7 46.Qb7+ Kg6 47.Qc6+ Kh5 48.Qf3+ Kh6 49.Qe2 Qe4 50.Kh2 f4
51.gxf4 Qxf4+ 52.Kg2 Qxh4 53.Qxe3+ Qg5+  0-1

[Event "25th Politiken Cup"]
[Site "Copenhagen DEN"]
[Date "2003.07.14"]
[Round "1"]
[White "Schandorff,L"]
[Black "Petersen,L"]
[Result "1-0"]
[WhiteElo "2525"]
[BlackElo "2047"]

1.d4 d5 2.c4 e6 3.Nf3 Nf6 4.Nc3 c6 5.e3 Nbd7 6.Qc2 Bd6 7.g4 dxc4 8.Bxc4 O-O
9.Rg1 e5 10.h3 g6 11.Bd2 Nb6 12.Be2 exd4 13.Nxd4 Re8 14.O-O-O Bf8 15.Kb1 Qe7
16.Bf3 Bd7 17.e4 Rac8 18.Bc1 a6 19.Rge1 Bg7 20.Qb3 c5 21.Qxb6 cxd4 22.Qxd4 Bc6
23.Qd6 Bf8 24.Qxe7 Bxe7 25.Be3 Red8 26.a3 Rxd1+ 27.Rxd1 Rd8 28.Rxd8+ Bxd8
29.Bg2 Bc7 30.f4 Kf8 31.Kc2 Ke8 32.Kd3 Kd7 33.Bf3 Ng8 34.Bd1 Nf6 35.Bb3 Ke8
36.Bd4 Nd7 37.Ke3 Bb6 38.Nd5 Bxd4+ 39.Kxd4 Bxd5  1-0

[Event "25th Politiken Cup"]
[Site "Copenhagen DEN"]
[Date "2003.07.14"]
[Round "1"]
[White "Hjelm,N"]
[Black "Agustsson,H"]
[Result "1-0"]
[WhiteElo "2331"]
[BlackElo "1929"]

1.d4 d5 2.c4 c6 3.Nc3 Nf6 4.e3 e6 5.Nf3 Nbd7 6.Qc2 Bd6 7.b3 O-O 8.Bb2 b6
9.Bd3 Bb7 10.O-O e5 11.cxd5 cxd5 12.Nb5 Rc8 13.Qe2 Bb8 14.Nxe5 Re8 15.f4 Ne4
16.Rac1 f6 17.Rxc8 Bxc8 18.Nc6  1-0

[Event "25th Politiken Cup"]
[Site "Copenhagen DEN"]
[Date "2003.07.14"]
[Round "1"]
[White "Carstensen,J"]
[Black "Rasmussen,H"]
[Result "1-0"]
[WhiteElo "2275"]
[BlackElo "2190"]

1.d4 d5 2.c4 c6 3.Nc3 Nf6 4.e3 e6 5.Nf3 Nbd7 6.Bd3 dxc4 7.Bxc4 b5 8.Bd3 a6
9.e4 c5 10.d5 exd5 11.exd5 Bd6 12.O-O O-O 13.Bg5 Qc7 14.Ne4 Nxe4 15.Bxe4 f5
16.Bc2 Nf6 17.a4 Ne4 18.axb5 Nxg5 19.Nxg5 Bxh2+ 20.Kh1 Bd6 21.Re1 h6 22.Ne6 Bxe6
23.dxe6 g6 24.Bb3 Qe7 25.Bd5 Rad8 26.bxa6 Bb8 27.a7 Qh4+ 28.Kg1 Qh2+ 29.Kf1 Qh1+
30.Ke2 Qh5+ 31.f3  1-0

[Event "ch-GBR"]
[Site "Edinburgh SCO"]
[Date "2003.07.14"]
[Round "1"]
[White "Simpson,J"]
[Black "Taylor,RM"]
[Result "1-0"]
[WhiteElo "2265"]
[BlackElo "2169"]

1.d4 d5 2.Nf3 Nf6 3.c4 e6 4.Nc3 c6 5.e3 Nbd7 6.Bd3 Be7 7.O-O O-O 8.e4 dxe4
9.Nxe4 Nxe4 10.Bxe4 c5 11.Be3 Nf6 12.Bc2 Qc7 13.dxc5 Bxc5 14.Bg5 Be7 15.Qe2 b6
16.Ne5 Ba6 17.b3 Rad8 18.Rad1 Rxd1 19.Rxd1 Rd8 20.Rxd8+ Bxd8 21.Qd3 Be7 22.Bxf6 Bxf6
23.Nd7  1-0

[Event "Masters"]
[Site "Saint Lo FRA"]
[Date "2003.07.14"]
[Round "6"]
[White "Terrieux,K"]
[Black "Coursaget,N"]
[Result "1-0"]
[WhiteElo "2236"]
[BlackElo "2226"]

1.d4 Nf6 2.Nf3 e6 3.c4 d5 4.Nc3 c6 5.e3 Nbd7 6.Bd3 dxc4 7.Bxc4 b5 8.Bd3 Bb7
9.O-O a6 10.a4 b4 11.Ne2 c5 12.b3 cxd4 13.Nfxd4 Ne5 14.Bb1 Ng6 15.Ra2 Bd6
16.f4 Bc5 17.Ng3 Nd5 18.Ne4 Ba7 19.f5 exf5 20.Nxf5 O-O 21.Kh1 Nc3 22.Nxc3 bxc3
23.Qg4 Qd5 24.Raf2 Qe5 25.Qh5 Rae8 26.Bd3 Bc5 27.Bc4 Rd8 28.Nxg7 Qxg7 29.Qxc5 Nh4
30.e4 Bxe4 31.Qg5 Qxg5 32.Bxg5 Nxg2 33.Rxg2 Rd6 34.Bf6+ Bxg2+ 35.Kxg2 c2
36.Bb2 Rd1 37.Rf3 Rd6 38.Rc3 Rfd8 39.Bc1 Rg6+ 40.Kf2 Rd4 41.Rxc2 Rh4 42.Ke3 Kg7
43.Rf2 Rh3+ 44.Kd4 Rg4+ 45.Kc5 Rh5+ 46.Kb6 Rg6+ 47.Kb7 f5 48.Bb2+ Kf8 49.Bxa6  1-0

[Event "25th Politiken Cup"]
[Site "Copenhagen DEN"]
[Date "2003.07.15"]
[Round "2"]
[White "Nielsen,PH"]
[Black "Romsdal,T"]
[Result "1-0"]
[WhiteElo "2636"]
[BlackElo "2207"]

1.d4 Nf6 2.c4 c6 3.Nc3 d5 4.e3 e6 5.Nf3 Nbd7 6.Qc2 Bd6 7.g4 Nxg4 8.Rg1 Nxh2
9.Nxh2 Bxh2 10.Rxg7 Qh4 11.e4 dxc4 12.Bg5 Qh5 13.Be2 Qh3 14.Qd1 h5 15.Be3 Kf8
16.Rg5 Bd6 17.Kd2 b5 18.e5 Bb4 19.Qg1 Bb7 20.Rg3 Qf5 21.Qg2 Nb6 22.Rg5 Qh7
23.Rxh5 Qxh5 24.Bxh5 Rxh5 25.Rg1 Ke7 26.Qg7 Rf5 27.Rg5 Bxc3+ 28.bxc3 Rf3
29.Rg6 Nd5 30.Rf6 Nxf6 31.exf6+ Kd6 32.Qxf7  1-0

[Event "Intel Pentium4"]
[Site "Milan ITA"]
[Date "2003.07.15"]
[Round "2"]
[White "Drazic,S"]
[Black "Godena,M"]
[Result "0-1"]
[WhiteElo "2463"]
[BlackElo "2517"]

1.d4 d5 2.Nf3 Nf6 3.c4 c6 4.Nc3 e6 5.e3 Nbd7 6.Bd3 dxc4 7.Bxc4 b5 8.Bd3 Bd6
9.a4 b4 10.Ne4 Nxe4 11.Bxe4 Bb7 12.a5 Rc8 13.a6 Ba8 14.O-O O-O 15.b3 Nf6
16.Bd3 c5 17.Bb2 cxd4 18.Nxd4 Rc5 19.Rc1 Rxc1 20.Bxc1 h5 21.Be2 Qc7 22.h3 Qc5
23.Bf3 Qe5 24.g3 Ne4 25.Qc2 h4 26.Bg2 hxg3 27.f4 Qd5 28.Rd1 Qh5 29.Qe2 Qh7
30.Qc2 Qh5 31.Qe2 Qh6 32.Bxe4 Bxe4 33.Qg4 g2 34.Nf3 Be7 35.Bb2 Bf6 36.Bd4 Rd8
37.Ng5 Bxd4 38.exd4 Bd5 39.f5 exf5 40.Qxf5 f6 41.Ne4 Qe3+ 42.Nf2 Bf3 43.Rb1 Re8
44.Qg6 Kf8  0-1

[Event "Masters"]
[Site "Saint Lo FRA"]
[Date "2003.07.15"]
[Round "7"]
[White "Coursaget,N"]
[Black "Amoyal,P"]
[Result "1-0"]
[WhiteElo "2226"]
[BlackElo "2226"]

1.d4 d5 2.c4 c6 3.Nc3 Nf6 4.Nf3 e6 5.e3 Nbd7 6.Bd3 dxc4 7.Bxc4 b5 8.Bd3 a6
9.e4 c5 10.d5 Bb7 11.O-O Qb6 12.dxe6 fxe6 13.e5 Ng4 14.h3 Ngxe5 15.Nxe5 Nxe5
16.Qh5+ Nf7 17.Re1 g6 18.Qg4 e5 19.a4 Rd8 20.Be4 b4 21.a5 Qc7 22.Nd5 Bxd5
23.Bxd5 Be7 24.Bb3 Rd4 25.Qe6 c4 26.Be3 Nd8 27.Ba4+ Kf8 28.Bh6+  1-0

[Event "24th Open"]
[Site "Bled SLO"]
[Date "2003.07.16"]
[Round "4"]
[White "Jovan,R"]
[Black "Muslija,I"]
[Result "0-1"]
[WhiteElo "2124"]
[BlackElo "2286"]

1.d4 Nf6 2.c4 e6 3.Nc3 d5 4.Nf3 c6 5.e3 Nbd7 6.Bd3 dxc4 7.Bxc4 b5 8.Bd3 Bb7
9.a3 a6 10.Qe2 c5 11.O-O Qb6 12.Bd2 Be7 13.Rfd1 O-O 14.dxc5 Nxc5 15.Bc2 Nce4
16.Be1 Rad8 17.Ne5 Bd6 18.Ng4 Qc7 19.Nxf6+ Nxf6 20.h3 Qc6 21.e4 Qc5 22.Bd2 Qc7
23.Rac1 Qb8 24.Re1 Be5 25.Kh1 h6 26.Rf1 Rxd2 27.Qxd2 Bf4 28.Qe2 Bxc1 29.Rxc1 e5
30.Rd1 Rd8 31.Rd3 Rd4 32.Rxd4 exd4 33.Nb1 Qc8 34.Kh2 Qc7+ 35.g3 Qc6 36.f3 Nd7
37.Bd3 Ne5 38.Nd2 h5 39.Nb3 Qd6 40.Nd2 h4 41.f4 hxg3+ 42.Kxg3 Ng6 43.e5 Qe6
44.Nf3 Bxf3 45.Qxf3 Nf8 46.Qe4 Qd7 47.f5 g6 48.Qg4 Qd5 49.Qf4 Nd7 50.fxg6 fxg6
51.Bxg6 Nxe5 52.Be4 Qd6 53.Kf2 Nd3+  0-1

[Event "25th Politiken Cup"]
[Site "Copenhagen DEN"]
[Date "2003.07.16"]
[Round "3"]
[White "Lahlum,H"]
[Black "Hasling,R"]
[Result "1-0"]
[WhiteElo "2202"]
[BlackElo "2040"]

1.d4 d5 2.c4 c6 3.Nc3 e6 4.e3 Nf6 5.Nf3 Nbd7 6.Bd3 dxc4 7.Bxc4 b5 8.Bd3 Bb7
9.e4 b4 10.Na4 c5 11.e5 Nd5 12.O-O cxd4 13.Nxd4 Be7 14.Re1 O-O 15.Qg4 Re8
16.Bb5 Rc8 17.Nxe6 fxe6 18.Qxe6+ Kh8 19.Bxd7 Rxc1 20.Rexc1 Nf4 21.Qg4 Rf8
22.Bc6 Bxc6 23.Rxc6 h5 24.Qd1 Qe8 25.Rac1 Qf7 26.Rc8 Qf5 27.Rxf8+ Bxf8 28.Qf3 Qg5
29.Re1 h4 30.h3 Be7 31.Qg4 Qh6 32.Rd1 g5 33.Qd7 Ne2+ 34.Kh1 Bf8 35.Qf7 Bg7  1-0